• 首页
  • 本馆介绍
  • 公告通知
  • 最新文献
  • 馆藏检索
  • 电子资源
  • 读者导购
  • 参考咨询
  • 我的图书馆
  • 登录
  • 详细信息显示
  • 放入我的书架
  • 预约/预借图书
  • 作者相关作品
  • 分类相关作品
  • 丛书相关作品
  • 出版社相关作品

书目信息

  • 表格格式
  • 工作单格式
  • 卡片格式
题名:
当代世界民族宗教
    
 
作者: 本书编写组[编]
分册:  
出版信息: 北京   中共中央党校出版社  2001
页数: 283页
开本: 27cm
丛书名:
单 册:
中图分类: D562 , B928.1
科图分类:
主题词: 民族问题--研究--世界 , 宗教--研究--世界
电子资源:
ISBN: 7-5035-2260-7
000 00895nam0 2200265 450
000 00925nam0 2200277 450
000 00858nam0 2200253 450
000 00821nam0 2200241 45
005 20070528175227.82
010    @a7-5035-2260-7@dCNY25.00
100    @a20051101d2001 ekmy0chiy0120 ea
101 0  @achi
102    @aCN@b110000
105    @ay z 000yy
200 1  @a当代世界民族宗教@ADang Dai Shi Jie Min Zu Zong Jiao@f本书编写组[编]@FBen Shu Bian Xie Zu [ Bian ]
210    @a北京@c中共中央党校出版社@d2001
215    @a283页@d27cm
300    @a内部试用 征求意见
330    @a本书包括:世界民族概况、当代世界民族问题的现状及特点、世界宗教概况、当代世界宗教与国际政治、当代世界宗教发展中的几个热点问题等内容。
606 0  @a民族问题@x研究@y世界
606 0  @a宗教@x研究@y世界
690    @aD562@v4
690    @aB928.1@v4
801  0 @aCN@bFYSX@c20070528
905    @a10447@dD562@e151
    
    当代世界民族宗教/本书编写组[编].-北京:中共中央党校出版社,2001
    283页;27cm
    内部试用 征求意见
    
    ISBN 7-5035-2260-7:CNY25.00
    本书包括:世界民族概况、当代世界民族问题的现状及特点、世界宗教概况、当代世界宗教与国际政治、当代世界宗教发展中的几个热点问题等内容。
●
相关链接 在E读中查询图书 在五车中查询图书 在当当中查询图书 在豆瓣中查询图书


正题名:当代世界民族宗教     索取号:D562/151         预约/预借

序号 登录号 条形码 馆藏地/架位号 状态 备注
1 0509649   205096493   第一样本阅览室/ [索取号:D562/151] 在馆    
2 0509650   205096509   密集书库/ [索取号:D562/151] 在馆    
3 0509651   205096518   密集书库/ [索取号:D562/151] 在馆    
4 0509652   205096527   密集书库/ [索取号:D562/151] 在馆    
5 0509653   205096536   密集书库/ [索取号:D562/151] 在馆    
6 0509654   205096545   第一借阅区/ [索取号:D562/151] 在馆    
7 0509655   205096554   第一借阅区/ [索取号:D562/151] 在馆    
8 0509656   205096563   第一借阅区/ [索取号:D562/151] 在馆    
唐山师范学院图书馆 欢迎您!
大连网信软件有限公司© 版权所有